La lexicologie (notice n° 2117835)

détails MARC
000 -LEADER
fixed length control field 00995cam a2200133 4500500
005 - DATE AND TIME OF LATEST TRANSACTION
control field 20260405015740.0
041 ## - LANGUAGE CODE
Language code of text/sound track or separate title fre
042 ## - AUTHENTICATION CODE
Authentication code dc
100 10 - MAIN ENTRY--PERSONAL NAME
Personal name Niklas-Salminen, Aïno
Relator term author
245 00 - TITLE STATEMENT
Title La lexicologie
260 ## - PUBLICATION, DISTRIBUTION, ETC.
Name of publisher, distributor, etc. Armand Colin,<br/>
Date of publication, distribution, etc. 2023.<br/>
520 ## - SUMMARY, ETC.
Summary, etc. Ce manuel se propose, dans un premier temps, de présenter les notions fondamentales utilisées en lexicologie. Il s'intéresse ensuite à l'analyse morphologique des unités lexicales en mettant en lumière la forme des différents types de mots qui caractérisent la langue française. Il analyse aussi les unités lexicales au niveau sémantique, ainsi que les relations qui existent entre le lexique et la syntaxe. L'étude morphologique et sémantique des mots est souvent menée dans une perspective synchronique, mais les unités lexicales peuvent également être examinées dans une perspective diachronique.
856 41 - ELECTRONIC LOCATION AND ACCESS
Uniform Resource Identifier <a href="https://shs.cairn.info/la-lexicologie--9782200636555?lang=fr&redirect-ssocas=7080">https://shs.cairn.info/la-lexicologie--9782200636555?lang=fr&redirect-ssocas=7080</a>

Pas d'exemplaire disponible.

PLUDOC

PLUDOC est la plateforme unique et centralisée de gestion des bibliothèques physiques et numériques de Guinée administré par le CEDUST. Elle est la plus grande base de données de ressources documentaires pour les Étudiants, Enseignants chercheurs et Chercheurs de Guinée.

Adresse

627 919 101/664 919 101

25 boulevard du commerce
Kaloum, Conakry, Guinée

Réseaux sociaux

Powered by Netsen Group @ 2025